Villes de naissance des présidents Français sur une carte - Statistiques

Statistiques générales
  • Ce quiz a été pris 137 fois
  • Le résultat moyen est 12 sur 25
Réponses sur la Carte
Les réponses sont colorées sur une échelle allant du rouge au vert en fonction du pourcentage des utilisateurs qui les ont devinées à leur premier essai. Vous pouvez retrouver ces pourcentages ci-dessous.
 
Statistiques - réponses
Présidents Ville % Correct
Jean Casimir-Perier Paris
98%
Charles Louis Napoléon Bonaparte Paris
98%
Felix Faure Paris
98%
Alexandre Millerand Paris
98%
Jacques Chirac Paris
98%
Nicolas Sarkozy Paris
98%
Adolphe Thiers Marseille
97%
Charles de Gaulle Lille
91%
René Coty Le Havre
83%
François Hollande Rouen
79%
Emmanuel Macron Amiens
74%
Sadi Carnot Limoges
50%
Paul Doumer Aurillac
45%
Raymond poincaré Bar le Duc
36%
François Mitterrand Jarnac
31%
Valery Giscard d'Estaing Coblence
23%
Georges Pompidou Montboudif
13%
Vincent Auriol Revel
9%
Paul Deschanel Schaerbeek
5%
Emile Loubet Marsanne
4%
Albert Lebrun Mercy le Haut
4%
Jules Grevy Mont-sous-Vaudrey
4%
Gaston Doumergue Aigues-Vives
3%
Armand Fallières Mezin
3%
Patrice de mac Mahon Sully
2%
Aucun quiz correspondant
Distribution des résultats
% des personnes avec chaque résultat
Percentile par nombre de réponses
Votre historique - résultats
Vous n’avez pas pris ce quiz